Digital Financial Inclusion in Indonesia
Enregistré dans:
| Auteur principal: | |
|---|---|
| Format: | Chapitre de livre |
| Langue: | anglais |
| Sujets: | |
| Tags: |
Pas de tags, Soyez le premier à ajouter un tag!
|
MARC
| LEADER | 00000naa a2200000 4500 | ||
|---|---|---|---|
| 001 | 0306020 | ||
| 005 | 20250514124437.2 | ||
| 041 | 0 | |a eng | |
| 044 | |a SK | ||
| 245 | 1 | 0 | |a Digital Financial Inclusion in Indonesia |c Andrej Přívara |
| 500 | |a Abstrakt | ||
| 610 | 2 | 0 | |a digitalizácia |
| 610 | 2 | 0 | |a začlenenie sociálne |
| 610 | 2 | 0 | |a inklúzia finančná |
| 610 | 2 | 0 | |a Indonézia |
| 610 | 2 | 0 | |a aplikácie mobilné |
| 610 | 2 | 0 | |a bankovníctvo mobilné |
| 610 | 2 | 0 | |a vidiek |
| 100 | 1 | |a Přívara, Andrej, 1983- | |